00414nam a22001577a 450000500170000001000150001702000260003203500130005803700130007108200060008410000180009024500460010826000310015427000500018530000210023520140616105636.0 aENG-110219 a9789382025573c140.00 aEN-93751 bDBAD/PUB aS aDahiya, Ankur aThe infamous womanizer/cby Ankur Dahiya  aNew Delhibgbd Booksc2013 a16, Ansari Road, DaryaganjbNew Delhie110002 a266p.c22cm(pbk)